000 00617nam a22002177a 4500
003 UA-OsUOA
001 100528
007 ta
008 20130528b un ||||| |||| 00| 0 ukr d
100 _aСеражим Ю.
090 _a330(477)
_bС32
942 _cSA
040 _aUA-OsUOA
_bukr
_cUA-OsUOA
_dUA-OsUOA
245 _aМоделі регулювання ринку цінних паперів: світовий та український досвід
300 _aС.64-73
955 _a0
041 _aukr
080 _a330(477)
773 0 _w100521
650 7 _a330 Економіка взагалі
_2UDC
999 _c387171
_d387171